[Event "2e Open International de Balagne"]
[Site "Calvi"]
[Date "2005.02.22"]
[Round "4.27"]
[White "Cwiek, Loic"]
[Black "Bos, Bernard"]
[Result "1-0"]
[WhiteElo "2042"]
[BlackElo "1420"]
[PlyCount "59"]
[EventDate "2005.??.??"]

1. Nf3 c5 2. c4 Nc6 3. Nc3 g6 4. e4 Bg7 5. Be2 e6 6. d3 Nge7 7. Be3 b6 8. d4 d6
9. d5 Ne5 10. Nxe5 Bxe5 11. f4 Bg7 12. O-O f5 13. Qa4+ Bd7 14. Nb5 O-O 15. dxe6
Bc6 16. Qb3 Bxe4 17. Rad1 Nc8 18. Bd3 a6 19. Bxe4 fxe4 20. Nc3 Bxc3 21. Qxc3
Qe7 22. f5 Rxf5 23. Rxf5 gxf5 24. Bh6 Ra7 25. Qg3+ Kh8 26. Rd5 Qf6 27. Qf4 Qxe6
28. Rxf5 Qg8 29. Rf8 Rf7 30. Qxf7 1-0

[Event "2e Open International de Balagne"]
[Site "Calvi"]
[Date "2005.02.22"]
[Round "4.28"]
[White "Wojnowski, Krzysztof"]
[Black "Massoni, Michael"]
[Result "0-1"]
[WhiteElo "1520"]
[BlackElo "2026"]
[PlyCount "62"]
[EventDate "2005.??.??"]

1. c4 e5 2. Nc3 d6 3. g3 f5 4. Bg2 Nf6 5. d3 c6 6. e3 Be7 7. Nge2 O-O 8. Bd2
Na6 9. O-O Nc5 10. Qc2 Ne6 11. a3 Qe8 12. b4 Qg6 13. f4 Ng4 14. b5 Bd7 15. a4
h5 16. h3 Nh6 17. bxc6 bxc6 18. Rab1 h4 19. Be1 hxg3 20. Bxg3 Bf6 21. Rb7 Nc5
22. Rb2 Rae8 23. e4 exf4 24. Bxf4 fxe4 25. dxe4 Bxh3 26. Ng3 Bxg2 27. Kxg2 Bxc3
28. Qxc3 Nxa4 29. Qe3 Nxb2 30. Bxh6 Rxf1 31. Kxf1 Qxh6 0-1

[Event "2e Open International de Balagne"]
[Site "Calvi"]
[Date "2005.02.23"]
[Round "5.1"]
[White "Hamdouchi, Hicham"]
[Black "Guidarelli, Laurent"]
[Result "1-0"]
[WhiteElo "2555"]
[BlackElo "2438"]
[PlyCount "119"]
[EventDate "2005.??.??"]

1. e4 c5 2. Nf3 d6 3. d4 cxd4 4. Nxd4 Nf6 5. Nc3 a6 6. Be3 e5 7. Nb3 Be6 8. f3
Be7 9. Qd2 O-O 10. O-O-O Qc7 11. g4 Rc8 12. g5 Nh5 13. Kb1 Nd7 14. Nd5 Bxd5 15.
exd5 Nb6 16. Na5 Nf4 17. Bxf4 exf4 18. Bh3 Bxg5 19. Bxc8 Rxc8 20. c4 Bf6 21.
Qb4 Rb8 22. c5 Qxc5 23. Qxc5 dxc5 24. Rhe1 Kf8 25. d6 Nd7 26. Re4 g5 27. Rde1
b6 28. Nc6 Rc8 29. Ne7 Rd8 30. Nf5 Nb8 31. Re7 Nc6 32. Rb7 Ne5 33. Nh6 Rd7 34.
Rb8+ Kg7 35. Nf5+ Kg6 36. Ne7+ Kh5 37. Nd5 Bg7 38. Rxb6 Nc4 39. Rxa6 Nxd6 40.
Rd1 Be5 41. Nf6+ Bxf6 42. Rdxd6 Rxd6 43. Rxd6 Bd4 44. Rd5 Be3 45. Kc2 Kh4 46.
Kd3 h5 47. Ke2 f6 48. Rd6 g4 49. Rxf6 Kh3 50. Rg6 Bd4 51. b3 Kg2 52. a4 Bf2 53.
fxg4 f3+ 54. Kd3 h4 55. Rf6 Bg3 56. g5 h3 57. g6 Bxh2 58. g7 Bg3 59. g8=Q h2
60. Qg4 1-0

[Event "2e Open International de Balagne"]
[Site "Calvi"]
[Date "2005.02.23"]
[Round "5.2"]
[White "Agdestein, Simen"]
[Black "Vovk, Yuri"]
[Result "0-1"]
[WhiteElo "2586"]
[BlackElo "2420"]
[PlyCount "104"]
[EventDate "2005.??.??"]

1. d4 Nf6 2. Bg5 Ne4 3. Bh4 c5 4. f3 g5 5. fxe4 gxh4 6. e3 Bh6 7. Nd2 Qb6 8.
Nc4 Qg6 9. Qd3 cxd4 10. exd4 d5 11. exd5 Bf5 12. Qb3 Nd7 13. Nf3 h3 14. Nh4
Bxc2 15. Nxg6 Bxb3 16. axb3 hxg6 17. gxh3 Bg7 18. d6 Bxd4 19. dxe7 Kxe7 20.
O-O-O Nc5 21. Bg2 Rh4 22. Rhe1+ Kf8 23. Na5 Rc8 24. Kb1 Rc7 25. b4 Na4 26. Re4
Rxe4 27. Bxe4 Bxb2 28. Bc2 Nc3+ 29. Kxb2 Nxd1+ 30. Bxd1 b6 31. Nb3 Rc4 32. b5
Rh4 33. Nd2 Rxh3 34. Nf1 f5 35. Kc2 Ke7 36. Kd2 Kd6 37. Ke1 Ke5 38. Kf2 g5 39.
Kg2 Ra3 40. h3 f4 41. Bg4 Kd4 42. Nh2 Rb3 43. Bd7 Rb2+ 44. Kg1 Ke3 45. Bc6 Rc2
46. Ng4+ Ke2 47. Ne5 Rc3 48. Kg2 Rc5 49. Nd7 Rf5 50. Bf3+ Ke3 51. Bc6 f3+ 52.
Kf1 f2 0-1

[Event "2e Open International de Balagne"]
[Site "Calvi"]
[Date "2005.02.23"]
[Round "5.3"]
[White "Oleksienko, Mikhailo"]
[Black "Baklan, Vladimir"]
[Result "1/2-1/2"]
[WhiteElo "2469"]
[BlackElo "2578"]
[PlyCount "86"]
[EventDate "2005.??.??"]

1. e4 e6 2. d4 d5 3. Nd2 c5 4. Ngf3 Nf6 5. e5 Nfd7 6. c3 Nc6 7. Bd3 g6 8. O-O
Bg7 9. Re1 O-O 10. Nf1 cxd4 11. cxd4 Qb6 12. Bc2 f6 13. exf6 Nxf6 14. Rb1 Kh8
15. b4 Ng4 16. h3 Nxf2 17. Kxf2 e5 18. Ne3 Be6 19. dxe5 Nxe5 20. Bb2 Nxf3 21.
Bxg7+ Kxg7 22. gxf3 d4 23. Ng4 d3+ 24. Kg2 dxc2 25. Qxc2 Bxg4 26. hxg4 Qf6 27.
Qb2 Rae8 28. Qxf6+ Kxf6 29. Rxe8 Rxe8 30. Rh1 h5 31. gxh5 Re2+ 32. Kg3 gxh5 33.
Rxh5 Rxa2 34. Ra5 Rb2 35. Rxa7 Rxb4 36. Ra8 b5 37. Rb8 Rb1 38. Kf4 b4 39. Ke3
b3 40. Kd2 Ke5 41. Kc3 Kf4 42. Rxb3 Rxb3+ 43. Kxb3 Kxf3 1/2-1/2

[Event "2e Open International de Balagne"]
[Site "Calvi"]
[Date "2005.02.23"]
[Round "5.4"]
[White "Zozulia, Anna"]
[Black "Malakhatko, Vadim"]
[Result "0-1"]
[WhiteElo "2411"]
[BlackElo "2569"]
[PlyCount "102"]
[EventDate "2005.??.??"]

1. e4 e5 2. Nf3 Nc6 3. Bb5 a6 4. Ba4 Nf6 5. O-O Be7 6. Re1 b5 7. Bb3 d6 8. c3
O-O 9. h3 Na5 10. Bc2 c5 11. d4 Qc7 12. Nbd2 cxd4 13. cxd4 Nc6 14. Nb3 a5 15.
Be3 a4 16. Nc1 Bd7 17. Nd3 Rac8 18. d5 Na5 19. Nb4 Nc4 20. b3 Nxe3 21. Rxe3 a3
22. Qd2 Qa7 23. Bd3 Bd8 24. Ree1 Ba5 25. Rec1 Rc5 26. Ne1 Rfc8 27. Nec2 Rc3 28.
Nc6 R3xc6 29. b4 Rxc2 30. Rxc2 Rxc2 31. Bxc2 Bb6 32. Bd3 g6 33. Rc1 Kg7 34. Rc2
h5 35. Kf1 h4 36. Qc1 Bd4 37. Qe1 Qa4 38. Qd2 Bb6 39. Qc3 Nh5 40. Rc1 Nf4 41.
Rb1 Bd4 42. Qd2 Qa7 43. Bc2 Bb2 44. Rd1 Qc7 45. Bb3 Qd8 46. Qe3 Qg5 47. Qf3 f5
48. Bc2 Nh5 49. Qe2 Qf4 50. Kg1 Nf6 51. Bd3 Nxe4 0-1

[Event "2e Open International de Balagne"]
[Site "Calvi"]
[Date "2005.02.23"]
[Round "5.5"]
[White "Danielsen, Magnus"]
[Black "Chatalbashev, Boris"]
[Result "0-1"]
[WhiteElo "1914"]
[BlackElo "2538"]
[PlyCount "64"]
[EventDate "2005.??.??"]

1. e4 c5 2. c3 Nf6 3. e5 Nd5 4. d4 cxd4 5. Nf3 Nc6 6. cxd4 d6 7. Nc3 dxe5 8.
dxe5 Nxc3 9. Qxd8+ Nxd8 10. bxc3 Bd7 11. Be3 g6 12. Rb1 Bg7 13. Bd4 O-O 14. Bb5
Nc6 15. O-O a6 16. Ba4 Nxd4 17. Bxd7 Nxf3+ 18. gxf3 Bxe5 19. Rxb7 Bxc3 20. Ba4
Bf6 21. Rc1 Rfd8 22. Rcc7 Rd2 23. Bb3 Rad8 24. Kg2 Kg7 25. Rc2 Rd1 26. Rb6 Re1
27. Rxa6 Rdd1 28. Re2 Rg1+ 29. Kh3 Rd3 30. Re3 Rd2 31. Rc6 g5 32. Rc2 h5 0-1

[Event "2e Open International de Balagne"]
[Site "Calvi"]
[Date "2005.02.23"]
[Round "5.6"]
[White "Aunan Lindsoe, Fredrik"]
[Black "Kryvoruchko, Yuriy"]
[Result "0-1"]
[WhiteElo "1699"]
[BlackElo "2474"]
[PlyCount "88"]
[EventDate "2005.??.??"]

1. e4 d6 2. d4 Nf6 3. Nc3 g6 4. g3 Bg7 5. Bg2 O-O 6. Nge2 Nc6 7. h3 Bd7 8. Be3
e5 9. Qd2 exd4 10. Nxd4 Re8 11. O-O a6 12. a4 Ne5 13. b3 c5 14. Nde2 Bxh3 15.
Rad1 Bxg2 16. Kxg2 b5 17. axb5 axb5 18. Bg5 b4 19. Nb5 Nxe4 20. Bxd8 Nxd2 21.
Rxd2 Rexd8 22. Nxd6 Ra7 23. Rfd1 Bf8 24. Ne4 Rxd2 25. Rxd2 c4 26. Nd4 c3 27.
Re2 Nd7 28. Kf3 h6 29. g4 Kg7 30. Ke3 Ra1 31. Nb5 Rd1 32. f4 Nc5 33. Nd4 Nxe4
34. Kxe4 Bc5 35. Nf3 Rf1 36. Ne5 Bd6 37. Nd3 Rg1 38. Kf3 h5 39. gxh5 gxh5 40.
Re4 h4 41. f5 h3 42. Rg4+ Rxg4 43. Kxg4 h2 44. Nf2 Kf6 0-1

[Event "2e Open International de Balagne"]
[Site "Calvi"]
[Date "2005.02.23"]
[Round "5.7"]
[White "Getz, Nicolai"]
[Black "Vuckovic, Bojan"]
[Result "0-1"]
[WhiteElo "1499"]
[BlackElo "2525"]
[PlyCount "70"]
[EventDate "2005.??.??"]

1. e4 c5 2. Nf3 d6 3. d4 cxd4 4. Nxd4 Nf6 5. Nc3 Nc6 6. Bg5 e6 7. Qd2 a6 8. f3
Bd7 9. Be2 Rc8 10. O-O-O h6 11. Be3 b5 12. Nxc6 Bxc6 13. a3 Be7 14. Bd4 Qc7 15.
h4 h5 16. Kb1 Rb8 17. Na2 e5 18. Bc3 Bb7 19. Nb4 O-O 20. Nd5 Bxd5 21. exd5 Rfc8
22. Rh3 Qc5 23. Bf1 Bd8 24. Rg3 a5 25. Qh6 Ne8 26. Bd3 b4 27. Bd2 Bf6 28. Be3
Qc7 29. a4 b3 30. Qh7+ Kf8 31. c4 Qd7 32. Bf5 Qxa4 33. Bxc8 Rxc8 34. c5 e4 35.
Qh8+ Ke7 0-1

[Event "2e Open International de Balagne"]
[Site "Calvi"]
[Date "2005.02.23"]
[Round "5.8"]
[White "Borchgrevink, Harald"]
[Black "Galdunts, Sergey"]
[Result "0-1"]
[WhiteElo "2257"]
[BlackElo "2489"]
[PlyCount "84"]
[EventDate "2005.??.??"]

1. d4 g6 2. e4 Bg7 3. c4 d6 4. Nc3 Nf6 5. f3 O-O 6. Bg5 c5 7. d5 e6 8. Qd2 exd5
9. cxd5 a6 10. a4 h6 11. Be3 Re8 12. Nge2 Nbd7 13. Nc1 Ne5 14. Be2 h5 15. O-O
Nh7 16. Kh1 f5 17. Qc2 Nf6 18. Nd3 fxe4 19. Nxe5 exf3 20. Rxf3 Rxe5 21. Qxg6
Qe8 22. Rxf6 Rxe3 23. Bxh5 Qxg6 24. Rxg6 Bf5 25. Rxd6 Rf8 26. Rb6 Bxc3 27. bxc3
Be4 28. Bf3 Bxf3 29. gxf3 Rxc3 30. Rg1+ Kf7 31. Rxb7+ Kf6 32. Rb6+ Ke5 33. Rd1
Rc2 34. Rh6 c4 35. d6 c3 36. Rh5+ Ke6 37. Rh6+ Kd7 38. Rh7+ Kd8 39. Ra7 Rd2 40.
Re1 c2 41. Rg1 Rd1 42. Rc7 Rg8 0-1

[Event "2e Open International de Balagne"]
[Site "Calvi"]
[Date "2005.02.23"]
[Round "5.9"]
[White "Humeau, Cyril"]
[Black "Yakivchik, Myroslava"]
[Result "0-1"]
[WhiteElo "2088"]
[BlackElo "2360"]
[PlyCount "88"]
[EventDate "2005.??.??"]

1. e4 c5 2. Nf3 d6 3. d4 cxd4 4. Nxd4 Nf6 5. Nc3 a6 6. Be2 Nc6 7. Be3 e6 8. O-O
Be7 9. f4 Qc7 10. Qe1 O-O 11. Qg3 Nxd4 12. Bxd4 b5 13. a3 Bb7 14. Bf3 Bc6 15.
e5 dxe5 16. fxe5 Nd7 17. Kh1 Bxf3 18. Rxf3 Bc5 19. Bxc5 Qxc5 20. Re1 a5 21. Rd3
Ra7 22. Rxd7 Rxd7 23. Ne4 Qe7 24. Nf6+ Kh8 25. Nxd7 Qxd7 26. Qf2 h6 27. h3 Qd5
28. Kh2 Kg8 29. c3 Rd8 30. Kg1 Rd7 31. Re2 a4 32. Re1 Qd2 33. Re2 Qg5 34. Re3
Rd1+ 35. Kh2 Rd5 36. Qe2 Qf4+ 37. Kh1 g5 38. Re4 Qf5 39. Kh2 Kg7 40. Kg1 h5 41.
Rd4 Rxe5 42. Qxh5 Re1+ 43. Kh2 Qe5+ 44. g3 Re2+ 0-1

[Event "2e Open International de Balagne"]
[Site "Calvi"]
[Date "2005.02.23"]
[Round "5.10"]
[White "Grabinsky, Vladimir"]
[Black "Fossum, Atle Byum"]
[Result "1-0"]
[WhiteElo "2315"]
[BlackElo "1974"]
[PlyCount "55"]
[EventDate "2005.??.??"]

1. e4 d5 2. exd5 Qxd5 3. Nc3 Qa5 4. d4 c6 5. Bc4 Nf6 6. Nge2 Bf5 7. Ng3 Bg6 8.
O-O e6 9. f4 Be7 10. f5 exf5 11. Qe2 Qc7 12. Bg5 Ne4 13. Ncxe4 fxe4 14. Nxe4
Kd8 15. Bxf7 Bxe4 16. Bf4 Qd7 17. Qxe4 Bf6 18. d5 Qxf7 19. dxc6 bxc6 20. Rad1+
Kc8 21. Rd6 Kb7 22. Qb4+ Kc8 23. Qc5 Kb7 24. Qb4+ Kc8 25. Qc5 Qb7 26. Qf5+ Nd7
27. Qe6 a5 28. Rfd1 1-0

[Event "2e Open International de Balagne"]
[Site "Calvi"]
[Date "2005.02.23"]
[Round "5.11"]
[White "Muzychuk, Anna"]
[Black "Larsen Hagen, Brede Andre"]
[Result "1-0"]
[WhiteElo "2387"]
[BlackElo "1938"]
[PlyCount "49"]
[EventDate "2005.??.??"]

1. c4 f5 2. Nc3 Nf6 3. d4 g6 4. g3 Bg7 5. Bg2 O-O 6. Nh3 d6 7. Nf4 e5 8. dxe5
dxe5 9. Qxd8 Rxd8 10. Nfd5 Rd7 11. Bg5 Nxd5 12. Bxd5+ Kh8 13. Be6 Nc6 14. Bxd7
Bxd7 15. O-O-O Be6 16. Nd5 Bxd5 17. Rxd5 Nd4 18. e3 Nc6 19. Rhd1 h6 20. Bd8 Nb4
21. Rb5 c5 22. Rxb7 e4 23. Rdd7 Bf8 24. Rh7+ Kg8 25. Bf6 1-0

[Event "2e Open International de Balagne"]
[Site "Calvi"]
[Date "2005.02.23"]
[Round "5.13"]
[White "Fossum, Oystein Boyum"]
[Black "Borstad, Thomas"]
[Result "1-0"]
[WhiteElo "2214"]
[BlackElo "1740"]
[PlyCount "63"]
[EventDate "2005.??.??"]

1. Nf3 d6 2. d4 g6 3. c4 Bg7 4. Nc3 Nf6 5. e4 O-O 6. Be2 e5 7. Bd3 Nc6 8. d5
Ne7 9. Nd2 Ne8 10. b4 f5 11. f3 b6 12. c5 Nf6 13. Nc4 Kh8 14. cxd6 cxd6 15. a4
Bb7 16. O-O fxe4 17. fxe4 Nxe4 18. Nxe4 Nxd5 19. Bg5 Rxf1+ 20. Qxf1 Qd7 21.
Ncxd6 Rf8 22. Qe1 Nf4 23. Bf1 Bxe4 24. Nxe4 h6 25. Bh4 g5 26. Bf2 Rd8 27. a5
Qg4 28. axb6 Nh3+ 29. Kh1 Qxe4 30. bxa7 Ra8 31. Bc5 Qb7 32. Bd3 1-0

[Event "2e Open International de Balagne"]
[Site "Calvi"]
[Date "2005.02.23"]
[Round "5.14"]
[White "Sanchez, Nicolas"]
[Black "Bos, Joachim"]
[Result "1-0"]
[WhiteElo "2166"]
[BlackElo "1680"]
[PlyCount "24"]
[EventDate "2005.??.??"]

1. d4 d5 2. Nf3 Nc6 3. Bf4 Bg4 4. e3 e6 5. c4 dxc4 6. Bxc4 Bb4+ 7. Nc3 Nge7 8.
h3 Bh5 9. Rc1 Qd7 10. O-O g5 11. Ne4 Nd5 12. Bxd5 Qe7 1-0

[Event "2e Open International de Balagne"]
[Site "Calvi"]
[Date "2005.02.23"]
[Round "5.25"]
[White "Tinomano, Johann"]
[Black "Stubbe, Damien"]
[Result "0-1"]
[WhiteElo "1630"]
[BlackElo "1889"]
[PlyCount "24"]
[EventDate "2005.??.??"]

1. d4 Nf6 2. Nf3 g6 3. Bg5 Bg7 4. e3 Ne4 5. Nfd2 Nxg5 6. Bd3 d5 7. Nc3 c6 8.
Nf3 Nxf3+ 9. Qxf3 Nd7 10. h3 e5 11. Qg3 exd4 12. Ne2 Qa5+ 0-1

[Event "2e Open International de Balagne"]
[Site "Calvi"]
[Date "2005.02.23"]
[Round "5.43"]
[White "Zgonec, Pierre-Dominique"]
[Black "Mencacci, Tiphanie"]
[Result "0-1"]
[WhiteElo "1380"]
[BlackElo "1610"]
[PlyCount "64"]
[EventDate "2005.??.??"]

1. e4 e5 2. Nf3 Nf6 3. Nc3 Nc6 4. Bb5 d6 5. Bxc6+ bxc6 6. O-O Bg4 7. h3 Bh5 8.
d3 Be7 9. Be3 O-O 10. Re1 d5 11. exd5 cxd5 12. Bg5 Qd6 13. Qd2 c6 14. d4 e4 15.
Ne5 h6 16. Bxf6 Bxf6 17. Ng4 Bg5 18. Qe2 Kh8 19. f3 exf3 20. Qxf3 f5 21. Qd1
fxg4 22. hxg4 Bg6 23. Rf1 Qg3 24. Rxf8+ Rxf8 25. Qe2 Bf4 26. Rf1 Qh2+ 27. Kf2
Bd2+ 28. Qf3 Rxf3+ 29. Kxf3 Qf4+ 30. Ke2 Qe3+ 31. Kd1 a5 32. Rf3 Qe1# 0-1

[Event "2e Open International de Balagne"]
[Site "Calvi"]
[Date "2005.02.23"]
[Round "6.1"]
[White "Chatalbashev, Boris"]
[Black "Hamdouchi, Hicham"]
[Result "1/2-1/2"]
[WhiteElo "2538"]
[BlackElo "2555"]
[PlyCount "118"]

1. d4 e6 2. c4 c5 3. d5 exd5 4. cxd5 d6 5. Nc3 g6 6. e4 Bg7 7. Bd3 Nh6 8. Bf4
O-O 9. Qd2 Ng4 10. Nf3 Qe7 11. h3 Ne5 12. Nxe5 Bxe5 13. Bg5 Bf6 14. Bh6 Bg7 15.
Bxg7 Kxg7 16. O-O Nd7 17. f4 a6 18. a4 b6 19. Rae1 f6 20. Be2 Rb8 21. Bc4 Bb7
22. b3 Kh8 23. Kh2 Qg7 24. Re3 Rfe8 25. Qd3 Ra8 26. Ne2 h5 27. Rg3 Qh7 28. h4
Rg8 29. Qc3 Qe7 30. Bd3 Rg7 31. Ng1 Rf8 32. Nf3 Kg8 33. Re1 Kh7 34. Qc2 Kh6 35.
Qe2 Ra8 36. e5 dxe5 37. fxe5 fxe5 38. Ng5 Rf8 39. Ne6 Bxd5 40. Re3 Kh7 41. Nxg7
Qxh4+ 42. Rh3 Qg4 43. Bxg6+ Kxg7 44. Rg3 Qh4+ 45. Kg1 Kf6 46. Rd1 Ke6 47. Bc2
Rf4 48. Rg6+ Nf6 49. Rxd5 Kxd5 50. g3 Rg4 51. Qf3+ e4 52. Qf5+ Kd4 53. Rxg4
Qxg4 54. Qxf6+ Kd5 55. Qf7+ Kd4 56. Qc4+ Ke3 57. Qc3+ Ke2 58. Qc4+ Ke3 59. Qc3+
Ke2 1/2-1/2

[Event "2e Open International de Balagne"]
[Site "Calvi"]
[Date "2005.02.24"]
[Round "6.2"]
[White "Malakhatko, Vadim"]
[Black "Vovk, Yuri"]
[Result "1-0"]
[WhiteElo "2569"]
[BlackElo "2420"]
[PlyCount "64"]

1. d4 Nf6 2. Nf3 g6 3. Bg5 Bg7 4. c3 O-O 5. Nbd2 d6 6. a4 Nbd7 7. e4 h6 8. Bh4
Nh5 9. Bc4 Nf4 10. O-O c6 11. Re1 g5 12. Bg3 e5 13. Nf1 Qc7 14. Ne3 Nf6 15. Qc2
Be6 16. dxe5 dxe5 17. Rad1 Rae8 18. Rd2 Bc8 19. Bb3 Nh7 20. Red1 h5 21. Nc4 Ng6
22. h4 g4 23. Nd4 Nf4 24. Nf5 Bxf5 25. exf5 Nd5 26. Re2 Nf4 27. Ree1 Nf6 28.
Rxe5 N6d5 29. Ree1 Re7 30. f6 Nxf6 31. Qf5 Rxe1+ 32. Rxe1 Qc8 1-0

[Event "2e Open International de Balagne"]
[Site "Calvi"]
[Date "2005.02.24"]
[Round "6.3"]
[White "Guidarelli, Laurent"]
[Black "Kryvoruchko, Yuriy"]
[Result "0-1"]
[WhiteElo "2438"]
[BlackElo "2474"]
[PlyCount "80"]
[EventDate "2005.??.??"]

1. d4 Nf6 2. c4 c5 3. d5 b5 4. cxb5 a6 5. bxa6 Bxa6 6. Nc3 g6 7. g3 d6 8. Bg2
Bg7 9. Nf3 O-O 10. O-O Nbd7 11. Rb1 Ne8 12. Re1 Nc7 13. e4 Bc4 14. a3 Bxc3 15.
bxc3 Nb5 16. Ra1 Qa5 17. a4 Rfb8 18. Nd2 Qxc3 19. Nxc4 Qxc4 20. Bg5 Nc3 21. Qc2
f6 22. Ra3 fxg5 23. Rxc3 Qxa4 24. Qd2 Qb4 25. Rec1 Ra3 26. Bh3 Rxc3 27. Rxc3
Nf6 28. Be6+ Kg7 29. f3 Ra8 30. Kg2 Ra1 31. e5 dxe5 32. d6 Qb1 33. Bc4 Ra7 34.
dxe7 Rxe7 35. Ba2 Qb4 36. Qc2 Rd7 37. Be6 Rd6 38. Bc4 Rd4 39. Be2 Nd5 40. Rd3
c4 0-1

[Event "2e Open International de Balagne"]
[Site "Calvi"]
[Date "2005.02.23"]
[Round "6.5"]
[White "Vuckovic, Bojan"]
[Black "Oleksienko, Mikhailo"]
[Result "1/2-1/2"]
[WhiteElo "2525"]
[BlackElo "2469"]
[PlyCount "141"]
[EventDate "2005.??.??"]

1. e4 c5 2. Nf3 e6 3. d4 cxd4 4. Nxd4 Nc6 5. Nc3 Qc7 6. Be3 a6 7. Qd2 Nf6 8.
O-O-O Bb4 9. f3 Ne5 10. Nb3 b5 11. Qe1 Be7 12. f4 Nc4 13. e5 Ng4 14. Bd4 Bb7
15. Kb1 h5 16. Ne4 Nge3 17. Bxc4 Nxc4 18. Bc5 Bxe4 19. Qxe4 Rc8 20. Bxe7 Kxe7
21. Nd2 d5 22. Qd3 a5 23. Nxc4 bxc4 24. Qe3 g6 25. Qa3+ Qc5 26. Qxc5+ Rxc5 27.
h4 c3 28. b3 Rb8 29. Rd4 Rb4 30. Rxb4 axb4 31. Rd1 Kd7 32. Rd4 Rb5 33. a3 bxa3
34. Ka2 Kc6 35. Kxa3 Kc5 36. Ra4 d4 37. Ra7 d3 38. cxd3 Kd4 39. b4 Kxd3 40. Kb3
c2 41. Rc7 Ke3 42. Rxc2 Kxf4 43. Ka4 Rxe5 44. b5 Rd5 45. b6 Rd8 46. Kb5 f5 47.
b7 Rb8 48. Kb6 e5 49. Rc8 Rxb7+ 50. Kxb7 Kg3 51. Kc6 Kxh4 52. Kd5 e4 53. Rc3
Kg4 54. Ke5 h4 55. Ra3 Kg5 56. Ra6 e3 57. Ra4 e2 58. Ra1 f4 59. Ke4 Kg4 60. Re1
Kg3 61. Rxe2 g5 62. Ra2 g4 63. Ra3+ Kxg2 64. Kxf4 g3 65. Ra8 Kh2 66. Ra2+ g2
67. Kf3 h3 68. Kg4 Kh1 69. Ra1+ g1=Q+ 70. Rxg1+ Kxg1 71. Kxh3 1/2-1/2

[Event "2e Open International de Balagne"]
[Site "Calvi"]
[Date "2005.02.23"]
[Round "6.6"]
[White "Galdunts, Sergey"]
[Black "Grabinsky, Vladimir"]
[Result "0-1"]
[WhiteElo "2489"]
[BlackElo "2315"]
[PlyCount "70"]
[EventDate "2005.??.??"]

1. e4 c5 2. Nf3 e6 3. d3 Nc6 4. g3 Nge7 5. Bg2 g6 6. O-O Bg7 7. Re1 e5 8. c3
O-O 9. a3 d6 10. b4 h6 11. Nbd2 Be6 12. Bb2 Qd7 13. Nf1 b5 14. d4 exd4 15. cxd4
Bg4 16. e5 cxd4 17. exd6 Qxd6 18. N1d2 Rad8 19. h3 Bf5 20. Rc1 a5 21. g4 Be6
22. Ne4 Qf4 23. Nc5 Bd5 24. bxa5 Ne5 25. Nd2 f5 26. Bxd5+ Nxd5 27. Ne6 Qxd2 28.
Qxd2 Nf3+ 29. Kh1 Nxd2 30. Red1 Nb3 31. Rb1 fxg4 32. Rd3 Nf4 33. Nxf4 Nc5 34.
Rc1 Ne4 35. Ne6 Nxf2+ 0-1

[Event "2e Open International de Balagne"]
[Site "Calvi"]
[Date "2005.02.23"]
[Round "6.7"]
[White "Kvisla, Johannes Luangtep"]
[Black "Agdestein, Simen"]
[Result "0-1"]
[WhiteElo "2003"]
[BlackElo "2586"]
[PlyCount "62"]
[EventDate "2005.??.??"]

1. Nf3 d5 2. g3 c5 3. Bg2 Nc6 4. d4 Nf6 5. O-O e6 6. dxc5 Bxc5 7. c4 d4 8. Bg5
O-O 9. Nbd2 e5 10. Ne4 Be7 11. Bxf6 gxf6 12. Ned2 f5 13. Nb3 a5 14. e3 dxe3 15.
fxe3 a4 16. Nbd2 e4 17. Ne1 Qb6 18. Nc2 Qxb2 19. g4 fxg4 20. Nxe4 Qe5 21. Nf2
Qg5 22. Qd5 Ne5 23. Ne4 Qg7 24. Nd4 Rd8 25. Qb5 Nf3+ 26. Bxf3 gxf3+ 27. Ng3
Rxd4 28. Qe8+ Bf8 29. Rxf3 Bg4 30. Qxa8 Bxf3 31. Rf1 Rd1 0-1

[Event "2e Open International de Balagne"]
[Site "Calvi"]
[Date "2005.02.23"]
[Round "6.8"]
[White "Autran, Yann"]
[Black "Zozulia, Anna"]
[Result "1/2-1/2"]
[WhiteElo "2025"]
[BlackElo "2411"]
[PlyCount "114"]

1. e4 g6 2. d4 Bg7 3. Nf3 d6 4. h3 Nd7 5. Bc4 e6 6. c3 Ne7 7. Bg5 O-O 8. Qd2 d5
9. Bd3 dxe4 10. Bxe4 Nf6 11. Bd3 b6 12. O-O Bb7 13. Qe2 h6 14. Bxf6 Bxf6 15.
Ba6 Bd5 16. Bc4 a5 17. Bxd5 Nxd5 18. Ne5 Bg7 19. Na3 c5 20. dxc5 Nf4 21. Qe4
Qg5 22. Nd3 Nxd3 23. Qxd3 Qxc5 24. Rad1 a4 25. Rfe1 Rfc8 26. Qf3 Ra7 27. Re3
Qg5 28. Qe2 Raa8 29. Nb5 Rd8 30. Red3 Rxd3 31. Qxd3 Ra5 32. Qd8+ Qxd8 33. Rxd8+
Kh7 34. Na3 Rc5 35. Rb8 Rc6 36. Ra8 Rd6 37. Rxa4 Rd1+ 38. Kh2 Rd2 39. Nc4 Rxf2
40. Rb4 f5 41. Rxb6 e5 42. a4 f4 43. Re6 Rf1 44. a5 Ra1 45. a6 Bf8 46. Nxe5 Bc5
47. g4 Re1 48. a7 Bxa7 49. Re7+ Kg8 50. Nxg6 Be3 51. Kg2 Rg1+ 52. Kf3 Bc1 53.
Rb7 Re1 54. Re7 Be3 55. Rb7 Bc1 56. Re7 Be3 57. Rb7 Bc1 1/2-1/2

[Event "2e Open International de Balagne"]
[Site "Calvi"]
[Date "2005.02.23"]
[Round "6.9"]
[White "Muzychuk, Anna"]
[Black "Danielsen, Magnus"]
[Result "1-0"]
[WhiteElo "2387"]
[BlackElo "1914"]
[PlyCount "32"]

1. e4 e6 2. d4 d5 3. Nc3 dxe4 4. Nxe4 Nd7 5. Nf3 Ngf6 6. Bg5 Be7 7. Nxf6+ Bxf6
8. h4 h6 9. Bf4 c5 10. Qd2 cxd4 11. O-O-O Qb6 12. Bc4 Nc5 13. Be5 Bxe5 14. Nxe5
f6 15. Ng6 e5 16. Nxh8 Bf5 1-0

[Event "2e Open International de Balagne"]
[Site "Calvi"]
[Date "2005.02.23"]
[Round "6.10"]
[White "Kirszenberg, Marc"]
[Black "Reppen, Ellisiv"]
[Result "1-0"]
[WhiteElo "2233"]
[BlackElo "1891"]
[PlyCount "131"]

1. d4 d5 2. Nf3 Nf6 3. c4 e6 4. cxd5 exd5 5. Nc3 Be7 6. Bg5 O-O 7. e3 c6 8. Bd3
h6 9. Bf4 Qb6 10. a3 Bg4 11. h3 Be6 12. O-O Nbd7 13. b4 Rfc8 14. Na4 Qd8 15.
Nc5 Nxc5 16. dxc5 a5 17. Nd4 Bd7 18. Qc2 axb4 19. axb4 Nh5 20. Bh2 Rxa1 21.
Rxa1 Ra8 22. Rb1 Ra3 23. Be2 Nf6 24. Qc1 Ra2 25. Bd1 Ne4 26. f3 Ng5 27. Bb3 Ra7
28. Bg3 Bf6 29. Qd2 Bxd4 30. Qxd4 Bxh3 31. e4 Be6 32. Rd1 Ra3 33. Qb2 Ra8 34.
exd5 Bxd5 35. Bxd5 cxd5 36. Qe5 Ne6 37. Rxd5 Qg5 38. Qxg5 Nxg5 39. Rd7 Ra1+ 40.
Kf2 Ra2+ 41. Kf1 Ra1+ 42. Be1 Ne6 43. Rxb7 Nd4 44. Rb8+ Kh7 45. b5 Rc1 46. c6
Nxb5 47. Rxb5 Rxc6 48. g4 Rc2 49. Bf2 Kg6 50. Kg2 f6 51. Kg3 Rc3 52. Rb7 Rc6
53. f4 Rc3+ 54. Kg2 Rc4 55. f5+ Kh7 56. Kf3 Rc3+ 57. Ke4 Rc4+ 58. Bd4 h5 59.
gxh5 Kh6 60. Kd5 Rc2 61. Be3+ Kxh5 62. Rxg7 Re2 63. Ke4 Re1 64. Rg6 Rf1 65.
Rxf6 Kg4 66. Rg6+ 1-0

[Event "2e Open International de Balagne"]
[Site "Calvi"]
[Date "2005.02.24"]
[Round "6.11"]
[White "Stubbe, Damien"]
[Black "Fossum, Oystein Boyum"]
[Result "0-1"]
[WhiteElo "1889"]
[BlackElo "2214"]
[PlyCount "84"]

1. d4 f5 2. c4 Nf6 3. Nc3 e6 4. g3 d5 5. Bg2 c6 6. cxd5 exd5 7. Nf3 Bd6 8. e3
Nbd7 9. a3 Ne4 10. O-O O-O 11. Nd2 Ndf6 12. f3 Nxc3 13. bxc3 Be6 14. Rb1 Qd7
15. Qc2 Rae8 16. e4 fxe4 17. fxe4 dxe4 18. Nxe4 Nxe4 19. Rxf8+ Rxf8 20. Bxe4
Qf7 21. Be3 h6 22. Bf2 Bxa3 23. Ra1 Bb3 24. Bg6 Bxc2 25. Bxf7+ Rxf7 26. Rxa3 b6
27. c4 Rd7 28. Re3 Kf7 29. Re5 Bb3 30. c5 b5 31. Re3 Bc4 32. Ra3 b4 33. Ra4 Rb7
34. Be1 a5 35. Bd2 Rb5 36. Bc1 Bb3 37. Ra1 a4 38. Kf2 Ke6 39. Ke3 Kd5 40. Kd3
Bc4+ 41. Ke3 a3 42. Rb1 Ba2 0-1

[Event "2e Open International de Balagne"]
[Site "Calvi"]
[Date "2005.02.24"]
[Round "6.12"]
[White "Thomassen, Joachim"]
[Black "Sanchez, Nicolas"]
[Result "1/2-1/2"]
[WhiteElo "1948"]
[BlackElo "2166"]
[PlyCount "111"]

1. d4 Nf6 2. Bg5 c5 3. dxc5 Qa5+ 4. Qd2 Qxc5 5. Nc3 e6 6. e4 a6 7. f3 Be7 8.
Be3 Qa5 9. O-O-O b5 10. Kb1 b4 11. Nce2 d5 12. e5 Nfd7 13. f4 Nc6 14. Nf3 Nc5
15. Bxc5 Bxc5 16. f5 Bd7 17. Qg5 g6 18. g4 Be7 19. Qf4 exf5 20. gxf5 Bxf5 21.
Nfd4 Nxd4 22. Nxd4 Be4 23. e6 O-O 24. Rg1 Bc5 25. Bh3 Bxd4 26. exf7+ Rxf7 27.
Be6 Raf8 28. Rxd4 Qc5 29. Qd2 Kg7 30. Bxf7 Rxf7 31. Rc1 a5 32. Ka1 Rc7 33. h4
Qb6 34. Qe3 Qf6 35. h5 Rf7 36. hxg6 hxg6 37. Rd2 a4 38. Rh2 a3 39. c3 Qe5 40.
Qh3 axb2+ 41. Rxb2 bxc3 42. Rxc3 Rf1+ 43. Qxf1 Qxc3 44. Qd1 g5 45. Qd2 Qf6 46.
a4 g4 47. Ka2 g3 48. Rb7+ Kg6 49. Rb2 g2 50. Qe3 Qg5 51. Rb6+ Kf5 52. Qh3+ Kf4
53. Qh2+ Kf5 54. Qh3+ Kf4 55. Qh2+ Kf5 56. Qh3+ 1/2-1/2